000 01025cam a2200313 a 4500
001 16666114
003 OSt
005 20230602110749.0
008 110225s2010 enk 000 0aeng
010 _a 2011342341
020 _a9780954396077
040 _aDLC
_cDLC
_dDLC
042 _alcode
_apcc
043 _af-ke---
050 0 0 _aDT433.582.M88
_bA3 2010
082 0 0 _a070.92
_aB
_223
100 1 _aMutonya, Njuguna,
_d1960-
245 1 0 _aCrackdown! :
_ba journalist's personal story of Moi era purges (1986-1989) /
_cby Njuguna Mutonya.
260 _a[London] :
_bJC Press,
_c2010.
300 _a107 p. ;
_c22 cm.
600 1 0 _aMutonya, Njuguna,
_d1960-
_xImprisonment.
600 1 0 _aMoi, Daniel Arap,
_d1924-
650 0 _aJournalists
_zKenya
_vBiography.
650 0 _aPolitical prisoners
_zKenya
_vBiography.
651 0 _aKenya
_xPolitics and government
_y1978-2002.
906 _a7
_bcbc
_corigode
_d2
_encip
_f20
_gy-gencatlg
942 _2ddc
_cBK
999 _c83
_d83